| 000 | 00549nam a22001577a 4500 | ||
|---|---|---|---|
| 082 |
_a625.8 _bPLA _cL-40, P-77 |
||
| 100 |
_aBrinker, Russell C _937707 |
||
| 245 |
_aPlanning and design of roads airbases and heliports in the theater of operations _cBrinker, Russell C |
||
| 526 |
_a0 _b0 _c0 _d625_800000000000000_PLA |
||
| 526 |
_a0 _b0 _c0 _d625_800000000000000_PLA |
||
| 526 |
_a0 _b0 _c0 _d625_800000000000000_PLA |
||
| 526 |
_a0 _b0 _c0 _d625_800000000000000_PLA |
||
| 526 |
_a0 _b0 _c0 _d625_800000000000000_PLA |
||
| 650 |
_aMCE _9379 |
||
| 942 |
_2ddc _cBK |
||
| 999 |
_c547256 _d547256 |
||